Loading...
| Fine Arts - Auditory | 2 | 15.00 | 100% | 50% | 0% |
| Fine Arts - Other | 5 | 14.00 | 100% | 40% | 0% |
| Fine Arts - Visual | 4 | 22.50 | 100% | 75% | 50% |
| Geography | 5 | 18.00 | 100% | 40% | 40% |
| History - American | 5 | 18.00 | 100% | 60% | 20% |
| History - Ancient/Other | 6 | 15.00 | 100% | 50% | 0% |
| History - European | 5 | 16.00 | 100% | 40% | 20% |
| History - World | 3 | 23.33 | 100% | 100% | 33% |
| Literature - American | 7 | 24.29 | 100% | 100% | 43% |
| Literature - British | 4 | 20.00 | 100% | 100% | 0% |
| Literature - European | 7 | 18.57 | 100% | 86% | 0% |
| Literature - World | 7 | 22.86 | 100% | 86% | 43% |
| Mythology | 3 | 20.00 | 100% | 67% | 33% |
| Other Academic | 2 | 25.00 | 100% | 100% | 50% |
| Philosophy | 8 | 16.25 | 75% | 75% | 13% |
| Religion | 7 | 17.14 | 100% | 71% | 0% |
| Science - Biology | 6 | 15.00 | 83% | 67% | 0% |
| Science - Chemistry | 5 | 24.00 | 100% | 100% | 40% |
| Science - Other | 8 | 20.00 | 100% | 63% | 38% |
| Science - Physics | 5 | 20.00 | 100% | 80% | 20% |
| Social Science | 6 | 15.00 | 100% | 50% | 0% |